| 000 | 00797nam a2200241Ia 4500 | ||
|---|---|---|---|
| 003 | GCL | ||
| 005 | 20240530103114.0 | ||
| 008 | 140319s9999 xx 000 0 ara d | ||
| 040 |
_aGCL / _cGCL |
||
| 082 | 0 | 4 |
_a953 _bج ح |
| 100 | 1 | _aجلال مظهر | |
| 245 | 1 | 0 |
_aحضارة الاسلام واثرها فى الترقى العالمى / _cجلال مظهر |
| 260 |
_aالقاهرة : _bمكتبة الخانجى |
||
| 300 |
_a592 ص ؛ _c24 سم |
||
| 650 | 0 | 4 | _aالطب العربى |
| 650 | 0 | 4 | _aالحضارة الاوربية |
| 650 | 0 | 4 | _aالعلوم عند العرب |
| 650 | 0 | 4 | _aالحضارة الاسلامية |
| 650 | 0 | 4 | _aالعلماء العرب |
| 650 | 0 | 4 | _aالاسماء الجغرافية |
| 650 | 0 | 4 | _aعصر النهضة (1300 - 1494) |
| 942 |
_2ddc _cBK |
||
| 999 |
_c36861 _d36861 |
||